Top 40 (UK) 10/10/10 Quiz Stats

 Plays Quiz not verified by Sporcle

Score 0/40 Timer 12:00
0 Plays Today
Name of Singer Name of Song % Correct
B.o.B Feat. Hayley WilliamsAirplanes
71.4%
Eminem & RihannaLove the Way You LIe
65.7%
Mike PosnerCooler Than Me
65.7%
Cee Lo GreenForget You
62.9%
Bruno MarsJust the Way You Are
60%
Travie McCoy Feat. Bruno MarsBillionaire
60%
Katy Perry Feat. Snoop DoggCalifornia Gurls
60%
Taio CruzDynamite
57.1%
Tinie TempahPass Out
54.3%
Katy PerryTeenage Dream
48.6%
Lady GagaBad Romance
48.6%
Robbie Williams & Gary BarlowShame
45.7%
Eliza DoolittlePack Up
45.7%
Kings of LeonSex on Fire
45.7%
The WantedAll Time Low
40%
Flo Rida Feat. David GuettaClub Can't Handle Me
40%
ShontelleImpossible
40%
Tinie TempahWritten in the Stars
37.1%
Enrique IglesiasI Like It
37.1%
Olly MursPlease Don't Let Me Go
34.3%
Name of Singer Name of Song % Correct
The ScriptFor the First Time
34.3%
Alexandra BurkeStart Without You
34.3%
The SaturdaysHigher
34.3%
Yolanda Be Cool & D CupWe No Speak Americano
34.3%
Lady GagaAlejandro
31.4%
Plan BShe Said
31.4%
Kings of LeonRadioactive
28.6%
Ke$haTake It Off
28.6%
Katy BKaty On A Mission
28.6%
LabrinthLet the Sunshine
25.7%
Barbra StreisandDuck Sauce
25.7%
AdeleMake You Feel My Love
25.7%
Tinie Tempah Feat. Swedish House MafiaMiami 2 Ibiza
22.9%
Enrique IglesiasHeartbeat
22.9%
Usher Feat. PitbullDJ Got Us Falling in Love Again
14.3%
The SaturdaysMissing You
14.3%
RihannaTe Amo
8.6%
Kylie MinogueGet Outta My Way
8.6%
Magnetic ManPerfect Stranger
8.6%
Cee Lo GreenF**k You
0%

You're not logged in!

Compare scores with friends on all Sporcle quizzes.
OR
Log In

Show Comments

Extras

Top Quizzes Today


Score Distribution

Your Account Isn't Verified!

In order to create a playlist on Sporcle, you need to verify the email address you used during registration. Go to your Sporcle Settings to finish the process.

Report this User

Report this user for behavior that violates our Community Guidelines.

Details: